000 00876nam a2200229 a 4500
001 000261048
005 20250331185256.0
006 a 000 0
008 020207s2000 gr 000 0dspa d
020 _a958045941X
040 _aCO-CtgCURN
_bspa
_ccoctgcurn
082 0 4 _a658.409
_bE924
_220
100 1 _aEvans, Gail.
245 1 0 _aJuegue como hombre, gane como mujer :
_bsecretos sobre el éxito que conocen los hombres y que las mujeres necesitan aprender /
_cGail Evans; tr. Magdalena Holguín.
260 _aBogotá :
_bNorma,
_c2000.
300 _axxi, 199 p.
534 _pTítulo original:
_tPlay like a man, win like a woman.
650 1 7 _aPredicción del éxito laboral.
_2LEMB
650 1 7 _aExito
_xEstrategia y técnicas.
_2LEMB
942 _aMHC
_bMHC
_cBK
_h658.409
_iE924
_2ddc
999 _c25004
_d25004